000 00332nam a2200145Ia 4500
100 _aDuthie/Andrew G
650 _aProgramming
942 _cBK
245 _aASP.NET programming with microsoft visual basic.NET
260 _bprentice hall
_aNew Delhi
_c2003
082 _bDUT
300 _a600
546 _aENGLISH
999 _c25182
_d25182